Fastest Growing and Shrinking Economies - Statistics

General Stats
  • This quiz has been taken 505 times
    373 since last reset
  • The average score is 19 of 44
Answer Stats
Growth Country % Correct
6.9% China
90%
7.6% India
87%
-3.9% Russia
78%
6.5% Bangladesh
63%
0.0% Iraq
63%
-9.9% Syria
63%
-11.0% Ukraine
63%
8.7% Ethiopia
61%
6.5% Vietnam
61%
-3.0% Brazil
60%
8.4% Democratic Republic of the Congo
60%
-10.0% Venezuela
57%
-2.3% Greece
51%
6.5% Kenya
50%
-28.1% Yemen
50%
-3.6% Belarus
49%
8.5% Myanmar
48%
6.9% Tanzania
48%
7.0% Cambodia
47%
7.5% Laos
47%
-6.1% Libya
47%
6.5% Rwanda
44%
-5.3% South Sudan
43%
6.9% Chad
38%
7.0% Mozambique
37%
-1.0% Moldova
36%
-7.2% Burundi
35%
6.8% Uzbekistan
35%
7.7% Bhutan
33%
8.5% Turkmenistan
31%
-1.2% Brunei
29%
0.0% Guinea
28%
6.5% Djibouti
26%
-10.2% Equatorial Guinea
24%
16.0% Papua New Guinea
24%
-23.9% Sierra Leone
24%
-0.6% Ecuador
23%
8.2% Ivory
23%
7.6% Maldives
22%
9.3% Monaco
20%
8.0% Nauru
19%
-0.2% Federated States of Micronesia
15%
-1.6% Andorra
14%
-2.0% Vanuatu
13%
No matching quizzes found
Score Distribution
Percent of People with Each Score
Percentile by Number Answered
Your Score History
You have not taken this quiz since the last reset